Statistiques concernant Nouvelle nomenclature des os du corps humain

Cliquez ici pour prendre le quiz!

Statistiques générales

  • Ce quiz a été pris 213 fois
  • Le résultat moyen est 4 sur 7

Statistiques - réponses

Ancienne nomenclatureNouvelle nomenclature% Correct
OmoplateScapula
88%
CubitusUlna
88%
PéronéFibula
80%
RotulePatella
67%
Gros orteilHallux
39%
AstragaleTalus
19%
BassinPelvis
12%

Distribution des résultats

Percentile par nombre de réponses

% des personnes avec chaque résultat

Votre développement - résultats

Vous n’avez pas pris ce quiz